|
|
|
|
| LEADER |
00000nam a22000007a 4500 |
| 005 |
20191004234727.0 |
| 007 |
cr|||| |||| |
| 008 |
191004s2019 ec |||||s|||| 00||0 spa d |
| 020 |
|
|
|a 9786200036148
|
| 035 |
|
|
|a 29273
|
| 040 |
|
|
|a vLex
|
| 090 |
|
|
|c 9722
|d 9722
|
| 100 |
1 |
|
|a Lema, Javier
|
| 245 |
1 |
0 |
|a Tansmisin̤ de la pena carcelaria a los familiares de las PPL
|h [Recurso electrn̤ico] /
|c Javier Lema
|
| 256 |
|
|
|a Servicio en ln̕ea
|
| 260 |
|
|
|a Quito:
|b Editorial Acadm̌ica Espaǫla,
|c 2019
|
| 300 |
|
|
|a 1 recurso electrn̤ico
|
| 500 |
|
|
|a ¿La pena carcelaria se limita a la persona del delinuente? es la pregunta que se despeja a lo largo de esta investigacin̤. Los privados de libertad deben cumplir con las sanciones y castigos que establecen las leyes en el Ecuador "as ̕se logra la rehabilitacin̤" de las personas que ingresan en los centros penitenciarios. Sin embargo, no existen derechos que protegan a los familiares de los internos, ninguna norma o polt̕ica pb︢lica contribuye a mitigar el hecho de tener a un miembro de la familia encarcelado, sus familiares son tratados por el Estado con la misma o peor crueldad que el privado Łestos familiares de la PPL no han cometio delito alguno! Se estudia el caso de los familiares de privados de la libertad en la ciduad de Ibarra-Ecuador.
|
| 506 |
1 |
|
|a Disponible solo en los productos indicados
|d vLex Global
|d vLex Global (Academic Edition, excluding Law Schools)
|d vLex Global (U.S. Academic Edition, Law Schools)
|d vLex Global (U.S. Academic Edition, excluding Law Schools)
|d vLex Global (Academic Edition, Law Schools)
|
| 650 |
0 |
4 |
|a Derecho Penal
|z Ecuador
|
| 740 |
0 |
|
|a vLex Libros (Servicio en ln̕ea)
|
| 856 |
4 |
0 |
|u http://vlex.com/source/29273
|z Acceso restringido
|
| 942 |
|
|
|c BOOK
|
| 999 |
0 |
|
|a Criminal law
|